[Event "Rowy op 09"]
[Site "Rowy"]
[Date "2012.09.??"]
[Round "1"]
[White "Debowski, Stanislaw"]
[Black "Wojcieszyn, Jacenty"]
[Result "0-1"]
[WhiteElo "1741"]
[BlackElo "2240"]
[PlyCount "52"]
[EventDate "2012.09.??"]
[EventType "swiss"]
[EventRounds "9"]
[EventCountry "POL"]
[SourceTitle "EXT 2014"]
[Source "ChessBase"]
[SourceDate "2013.11.20"]
[SourceVersion "1"]
[SourceVersionDate "2013.11.20"]
[SourceQuality "1"]

1. d4 d5 2. e3 Nf6 3. Bd3 c5 4. c3 Qc7 5. f4 Nc6 6. Nd2 cxd4 7. exd4 Qxf4 8. Ngf3 Bg4 9. 0-0 Qe3+ 10. Kh1 Qxd3 11. Qe1 e6 12. Ne5 Nxe5 13. Qxe5 Be7 14. Qg5 h6 15. Qh4 Ne4 16. Qxg4 Qxf1+ 17. Nxf1 Nf2+ 18. Kg1 Nxg4 19. Bf4 Kd7 20. Re1 Bd6 21. Bxd6 Kxd6 22. h3 Nf6 23. Nd2 b5 24. a3 a5 25. Nb3 Ne4 26. Kf1 b4 0-1

[Event "Lublin op 4th"]
[Site "Lublin"]
[Date "2012.??.??"]
[Round "7"]
[White "Stoma, Pawel"]
[Black "Wojcieszyn, Jacenty"]
[Result "1-0"]
[WhiteElo "2304"]
[BlackElo "2250"]
[PlyCount "51"]
[EventDate "2012.06.04"]
[EventType "swiss"]
[EventRounds "9"]
[EventCountry "POL"]
[SourceTitle "EXT 2014"]
[Source "ChessBase"]
[SourceDate "2013.11.20"]
[SourceVersion "1"]
[SourceVersionDate "2013.11.20"]
[SourceQuality "1"]

1. e4 d5 2. exd5 Qxd5 3. Nc3 Qa5 4. d4 Nf6 5. Bc4 c6 6. Nf3 Bg4 7. h3 Bh5 8. g4 Bg6 9. Ne5 e6 10. Nxg6 hxg6 11. Qe2 Bb4 12. Bd2 Nd5 13. Ne4 Bxd2+ 14. Nxd2 Nd7 15. 0-0-0 0-0-0 16. Qf3 Rdf8 17. Bb3 g5 18. Ne4 N5f6 19. Nd6+ Kb8 20. c4 Qc7 21. c5 Nd5 22. Bxd5 cxd5 23. Kb1 Nf6 24. Qe3 Ne8 25. Nxe8 Rxe8 26. Qxg5 1-0

[Event "Lublin op 4th"]
[Site "Lublin"]
[Date "2012.??.??"]
[Round "6"]
[White "Wojcieszyn, Jacenty"]
[Black "Czerw, Dawid"]
[Result "1-0"]
[WhiteElo "2250"]
[BlackElo "1853"]
[PlyCount "63"]
[EventDate "2012.06.04"]
[EventType "swiss"]
[EventRounds "9"]
[EventCountry "POL"]
[SourceTitle "EXT 2014"]
[Source "ChessBase"]
[SourceDate "2013.11.20"]
[SourceVersion "1"]
[SourceVersionDate "2013.11.20"]
[SourceQuality "1"]

1. d4 d5 2. Nf3 Nf6 3. c4 c6 4. Nc3 a6 5. cxd5 cxd5 6. Bf4 Nc6 7. Rc1 Bf5 8. e3 e6 9. Qb3 Qd7 10. Be2 Rc8 11. 0-0 Nh5 12. Ne5 Nxe5 13. Bxe5 Nf6 14. Na4 Rc6 15. Nb6 Qd8 16. Rxc6 bxc6 17. Rc1 Be7 18. Rxc6 0-0 19. Bxa6 Nd7 20. Nxd7 Qxd7 21. Rc7 Qd8 22. Qb7 Bh4 23. g3 Qg5 24. Bd6 Qh5 25. Qb5 Be4 26. Qe2 Bf3 27. Qc2 Be4 28. Bd3 Bxg3 29. fxg3 Qf3 30. Bxe4 Qxe3+ 31. Qf2 Qxe4 32. Bxf8 1-0

[Event "Lublin op 4th"]
[Site "Lublin"]
[Date "2012.??.??"]
[Round "4"]
[White "Wojcieszyn, Jacenty"]
[Black "Polkowski, Piotr"]
[Result "0-1"]
[WhiteElo "2250"]
[BlackElo "2165"]
[PlyCount "66"]
[EventDate "2012.06.04"]
[EventType "swiss"]
[EventRounds "9"]
[EventCountry "POL"]
[SourceTitle "EXT 2014"]
[Source "ChessBase"]
[SourceDate "2013.11.20"]
[SourceVersion "1"]
[SourceVersionDate "2013.11.20"]
[SourceQuality "1"]

1. d4 d6 2. Nf3 Nc6 3. d5 Ne5 4. Nxe5 dxe5 5. c4 e6 6. Nc3 f5 7. e4 Nf6 8. Bd3 Bc5 9. exf5 exf5 10. 0-0 0-0 11. Be3 Bxe3 12. fxe3 Ng4 13. Qd2 Qg5 14. Nd1 Bd7 15. Be2 Rae8 16. Bxg4 Qxg4 17. b3 f4 18. Nf2 Qh5 19. exf4 exf4 20. Rfe1 f3 21. Rxe8 Rxe8 22. Re1 fxg2 23. Rxe8+ Qxe8 24. Kxg2 Qg6+ 25. Kf3 Qh5+ 26. Kg2 Qe5 27. Qd3 Bf5 28. Qd2 h6 29. h3 Kh7 30. Kf3 g5 31. Qb4 h5 32. Qf8 Qf4+ 33. Kg2 Bxh3+ 0-1

[Event "Lublin op 4th"]
[Site "Lublin"]
[Date "2012.??.??"]
[Round "9"]
[White "Wojcieszyn, Jacenty"]
[Black "Siedlanowski, Lukasz"]
[Result "1-0"]
[WhiteElo "2250"]
[BlackElo "1835"]
[PlyCount "31"]
[EventDate "2012.06.04"]
[EventType "swiss"]
[EventRounds "9"]
[EventCountry "POL"]
[SourceTitle "EXT 2014"]
[Source "ChessBase"]
[SourceDate "2013.11.20"]
[SourceVersion "1"]
[SourceVersionDate "2013.11.20"]
[SourceQuality "1"]

1. d4 d5 2. c4 e5 3. dxe5 d4 4. Nf3 Nc6 5. Nbd2 Nge7 6. Nb3 Nf5 7. a3 Be7 8. g3 0-0 9. h4 b6 10. g4 Nxh4 11. Rxh4 Bxh4 12. g5 f6 13. exf6 gxf6 14. Nxh4 fxg5 15. Nf3 g4 16. Nfxd4 1-0

[Event "POL-chT"]
[Site "Wroclaw"]
[Date "2011.10.09"]
[Round "9"]
[White "Wojcieszyn, Jacenty"]
[Black "Bulski, Krzysztof"]
[Result "0-1"]
[WhiteElo "2262"]
[BlackElo "2482"]
[PlyCount "60"]
[EventDate "2011.05.06"]
[EventType "team-tourn"]
[EventRounds "9"]
[EventCountry "POL"]
[SourceTitle "EXT 2012"]
[Source "ChessBase"]
[SourceDate "2011.11.24"]
[SourceVersion "1"]
[SourceVersionDate "2011.11.24"]
[SourceQuality "1"]
[WhiteTeam "Lublin"]
[BlackTeam "Katowice"]
[WhiteTeamCountry "POL"]
[BlackTeamCountry "POL"]

1. d4 d5 2. Nf3 Nf6 3. c4 c6 4. Nc3 e6 5. e3 Nbd7 6. cxd5 exd5 7. Bd3 Bd6 8. 0-0 0-0 9. Rb1 a5 10. Bd2 Re8 11. Qc2 Qe7 12. Rfc1 Ne4 13. Be1 Nb6 14. Nd2 f5 15. Ne2 a4 16. f3 Nxd2 17. Bxd2 g6 18. Re1 Nc4 19. Nc3 Qh4 20. f4 b5 21. Rbc1 Bd7 22. Re2 Qd8 23. b3 axb3 24. axb3 Nxd2 25. Qxd2 Ra3 26. Qb2 Qa5 27. Na2 Rxe3 28. b4 Rxe2 29. Qxe2 Qa7 30. Bb1 Qxd4+ 0-1

[Event "POL-chT"]
[Site "Wroclaw"]
[Date "2011.05.08"]
[Round "3.4"]
[White "Klim, Kamil"]
[Black "Wojcieszyn, Jacenty"]
[Result "1-0"]
[WhiteElo "2314"]
[BlackElo "2262"]
[PlyCount "135"]
[EventDate "2011.05.06"]
[EventType "team-tourn"]
[EventRounds "9"]
[EventCountry "POL"]
[SourceTitle "EXT 2012"]
[Source "ChessBase"]
[SourceDate "2011.11.24"]
[SourceVersion "1"]
[SourceVersionDate "2011.11.24"]
[SourceQuality "1"]
[WhiteTeam "Gorzow Wielkopolski Stilon"]
[BlackTeam "Lublin"]
[WhiteTeamCountry "POL"]
[BlackTeamCountry "POL"]

1. d4 f5 2. Nf3 Nf6 3. g3 g6 4. Bg2 Bg7 5. 0-0 0-0 6. c4 c6 7. b3 Ne4 8. Bb2 Na6 9. Nbd2 d5 10. Ne1 Be6 11. cxd5 cxd5 12. Nd3 Qa5 13. Nf3 Nb4 14. Nfe5 Nxd3 15. exd3 Nf6 16. Re1 Bf7 17. Qe2 Rac8 18. Rac1 Rxc1 19. Bxc1 Be8 20. h3 Nd7 21. Qd2 Qb5 22. Ba3 Bf6 23. Nxd7 Bxd7 24. Bxe7 Bxe7 25. Rxe7 Re8 26. a4 Qc6 27. Re5 Be6 28. Qa5 b6 29. Qe1 Kf7 30. Kh2 Rc8 31. Qe3 Rc7 32. h4 h5 33. Qh6 Rd7 34. Re1 Qd6 35. Rc1 Qf8 36. Qe3 Qd6 37. Rc2 Rc7 38. Rxc7+ Qxc7 39. Qd2 Qd6 40. a5 Qc6 41. Qb4 bxa5 42. Qxa5 Qb6 43. Qc3 a5 44. Bf3 Kf6 45. Kg2 Qb4 46. Qc7 Qxb3 47. Qxa5 Kf7 48. Qd2 Kf6 49. Bd1 Qb5 50. Qc3 Bd7 51. Qa3 Kf7 52. Bb3 Bc6 53. Ba2 Qb7 54. Bb3 Qb6 55. Qc5 Qb7 56. Bd1 Bd7 57. Qd6 Be6 58. Ba4 Qe7 59. Qe5 Qd8 60. Bc6 Qf6 61. Bb7 Qd8 62. Bc6 Qf6 63. Kf3 Qd8 64. Kf4 Qa5 65. Be8+ Ke7 66. Bxg6 Qd2+ 67. Qe3 Qd1 68. Bxf5 1-0

[Event "POL-ch disabled"]
[Site "Rowy"]
[Date "2009.09.04"]
[Round "5.1"]
[White "Wojcieszyn, Jacenty"]
[Black "Turek, Andrzej"]
[Result "1-0"]
[WhiteElo "2283"]
[BlackElo "2039"]
[PlyCount "51"]
[EventDate "2009.09.01"]
[EventType "swiss"]
[EventRounds "9"]
[EventCountry "POL"]
[SourceTitle "EXT 2023"]
[Source "ChessBase"]
[SourceDate "2022.10.05"]
[SourceVersion "1"]
[SourceVersionDate "2022.10.05"]
[SourceQuality "1"]

1. d4 Nf6 2. c4 g6 3. Nf3 d5 4. cxd5 Nxd5 5. e4 Nb6 6. Nc3 Bg7 7. h3 Nc6 8. Be3 Na5 9. Rc1 0-0 10. b3 f5 11. exf5 Bxf5 12. b4 Nc6 13. Qb3+ Kh8 14. Rd1 Qd6 15. a3 Rad8 16. Be2 a6 17. 0-0 Be6 18. Qc2 Bf5 19. Qc1 Qd7 20. Bh6 Nd5 21. Bxg7+ Kxg7 22. Nxd5 Qxd5 23. Bc4 Qd6 24. d5 Ne5 25. Qc3 Kf6 26. Rfe1 1-0

[Event "POL-ch disabled"]
[Site "Rowy"]
[Date "2009.09.02"]
[Round "2.2"]
[White "Krawcewicz, Lucyna"]
[Black "Wojcieszyn, Jacenty"]
[Result "0-1"]
[WhiteElo "1966"]
[BlackElo "2283"]
[PlyCount "56"]
[EventDate "2009.09.01"]
[EventType "swiss"]
[EventRounds "9"]
[EventCountry "POL"]
[SourceTitle "EXT 2023"]
[Source "ChessBase"]
[SourceDate "2022.10.05"]
[SourceVersion "1"]
[SourceVersionDate "2022.10.05"]
[SourceQuality "1"]

1. d4 g6 2. c4 Bg7 3. Nc3 d6 4. e4 Nc6 5. Be3 e5 6. Nge2 f5 7. exf5 Bxf5 8. d5 Nce7 9. Ng3 Nf6 10. Be2 0-0 11. 0-0 Bd7 12. Qd2 Nf5 13. Nxf5 gxf5 14. Bg5 Qe8 15. Rad1 Qg6 16. Bxf6 Rxf6 17. Rfe1 Kh8 18. Bf1 Rg8 19. Qc2 Qh5 20. Qe2 Qg5 21. Rd3 Rh6 22. Rg3 Qf6 23. Rf3 e4 24. Re3 f4 25. Rxe4 Qh4 26. h3 Bxh3 27. g3 Bd4 28. Re8 Qxg3+ 0-1

[Event "POL-ch disabled"]
[Site "Rowy"]
[Date "2009.09.01"]
[Round "1.2"]
[White "Wojcieszyn, Jacenty"]
[Black "Jackowski, Ryszard"]
[Result "1-0"]
[WhiteElo "2283"]
[BlackElo "1853"]
[PlyCount "73"]
[EventDate "2009.09.01"]
[EventType "swiss"]
[EventRounds "9"]
[EventCountry "POL"]
[SourceTitle "EXT 2023"]
[Source "ChessBase"]
[SourceDate "2022.10.05"]
[SourceVersion "1"]
[SourceVersionDate "2022.10.05"]
[SourceQuality "1"]

1. d4 Nf6 2. c4 g6 3. Nc3 Bg7 4. e4 d6 5. h3 c6 6. Bg5 h6 7. Be3 0-0 8. Qd2 Kh7 9. Bd3 e5 10. d5 a5 11. Nge2 Nh5 12. g4 Nf6 13. f3 Na6 14. Ng3 Nb4 15. Bb1 Rh8 16. a3 Na6 17. Bc2 c5 18. h4 Kg8 19. h5 g5 20. Bxg5 hxg5 21. Qxg5 Kf8 22. h6 Bxh6 23. Rxh6 Rxh6 24. Qxh6+ Ke7 25. g5 Ng8 26. Qh4 Bd7 27. Nf5+ Bxf5 28. exf5 Kd7 29. f6 Kc7 30. Qh7 Qf8 31. Bg6 Rd8 32. Qxf7+ Kb8 33. 0-0-0 Nc7 34. Na4 Ka7 35. Qxc7 Nxf6 36. gxf6 Qxf6 37. Be4 1-0

[Event "Lublin op"]
[Site "Lublin"]
[Date "2009.06.12"]
[Round "6"]
[White "Malisauskas, Vidmantas"]
[Black "Wojcieszyn, Jacenty"]
[Result "1-0"]
[WhiteElo "2459"]
[BlackElo "2289"]
[PlyCount "81"]
[EventDate "2009.06.08"]
[EventType "swiss"]
[EventRounds "9"]
[EventCountry "POL"]
[SourceTitle "CBM 130 Extra"]
[Source "ChessBase"]
[SourceDate "2009.07.02"]
[SourceVersion "2"]
[SourceVersionDate "2009.07.15"]
[SourceQuality "1"]

1. e4 c5 2. Nc3 d6 3. d4 cxd4 4. Qxd4 Bd7 5. Bg5 Nc6 6. Qd2 h6 7. Be3 Nf6 8. f3 Qa5 9. Nge2 a6 10. Nc1 Be6 11. Nb3 Bxb3 12. cxb3 e6 13. 0-0-0 Be7 14. Kb1 Nd7 15. a3 b5 16. b4 Qc7 17. f4 0-0 18. Bd3 Rfd8 19. g4 Nf8 20. g5 hxg5 21. f5 Ne5 22. Be2 Nh7 23. Rhg1 Bf6 24. Bd4 Qe7 25. Qe3 Rac8 26. Qh3 Nd7 27. fxe6 fxe6 28. Bg4 Nhf8 29. Bxf6 gxf6 30. Qg3 Ne5 31. h4 Nh7 32. Qh3 Re8 33. Nd5 Qf7 34. hxg5 Nxg4 35. Nxf6+ Ngxf6 36. gxf6+ Kh8 37. Rg7 Qxg7 38. fxg7+ Kxg7 39. Rxd6 Nf8 40. Rxa6 Re7 41. Rb6 1-0

[Event "Lublin op"]
[Site "Lublin"]
[Date "2009.06.08"]
[Round "1"]
[White "Wojcieszyn, Jacenty"]
[Black "Gora, Jan"]
[Result "1-0"]
[WhiteElo "2289"]
[BlackElo "1761"]
[PlyCount "57"]
[EventDate "2009.06.08"]
[EventType "swiss"]
[EventRounds "9"]
[EventCountry "POL"]
[SourceTitle "CBM 130 Extra"]
[Source "ChessBase"]
[SourceDate "2009.07.02"]
[SourceVersion "2"]
[SourceVersionDate "2009.07.15"]
[SourceQuality "1"]

1. d4 d5 2. c4 e6 3. Nf3 c6 4. Qd3 Nf6 5. g3 dxc4 6. Qxc4 b5 7. Qc2 Bb7 8. Bg2 Nbd7 9. 0-0 c5 10. Nc3 b4 11. Na4 cxd4 12. Nxd4 Bxg2 13. Kxg2 Rc8 14. Qb3 Nc5 15. Qxb4 Qd7 16. Nc3 Nce4 17. Qb5 Nxc3 18. bxc3 Qxb5 19. Nxb5 a6 20. Nd4 Rxc3 21. Rb1 Rc8 22. Rb7 Nd5 23. Bd2 Be7 24. Rc1 Rxc1 25. Bxc1 Nc3 26. Bd2 Ne4 27. Bb4 Bd8 28. Nc6 a5 29. Ba3 1-0

[Event "POL-ch disabled"]
[Site "Chotowa"]
[Date "2007.05.31"]
[Round "9.1"]
[White "Wojcieszyn, Jacenty"]
[Black "Cylwik, Zbigniew"]
[Result "1/2-1/2"]
[WhiteElo "2218"]
[BlackElo "2066"]
[PlyCount "54"]
[EventDate "2007.05.26"]
[EventType "swiss"]
[EventRounds "9"]
[EventCountry "POL"]
[SourceTitle "EXT 2023"]
[Source "ChessBase"]
[SourceDate "2022.10.05"]
[SourceVersion "1"]
[SourceVersionDate "2022.10.05"]
[SourceQuality "1"]

1. d4 d5 2. c4 e6 3. Nf3 Nf6 4. Bg5 Be7 5. e3 0-0 6. Nc3 b6 7. Qb3 Bb7 8. Bxf6 Bxf6 9. cxd5 exd5 10. Rd1 c6 11. Bd3 g6 12. 0-0 Bg7 13. Rfe1 Nd7 14. e4 dxe4 15. Nxe4 Nf6 16. Nxf6+ Bxf6 17. Ne5 Qc7 18. f4 Rad8 19. Be4 Kg7 20. Qf3 Rd6 21. Rd2 Rfd8 22. Red1 b5 23. b4 a5 24. a3 axb4 25. axb4 Ra8 26. Rc2 Qb6 27. Rc5 Bxe5 1/2-1/2

[Event "POL-ch disabled"]
[Site "Chotowa"]
[Date "2007.05.29"]
[Round "5.1"]
[White "Drozd, Ryszard"]
[Black "Wojcieszyn, Jacenty"]
[Result "0-1"]
[WhiteElo "2212"]
[BlackElo "2271"]
[PlyCount "67"]
[EventDate "2007.05.26"]
[EventType "swiss"]
[EventRounds "9"]
[EventCountry "POL"]
[SourceTitle "EXT 2023"]
[Source "ChessBase"]
[SourceDate "2022.10.05"]
[SourceVersion "1"]
[SourceVersionDate "2022.10.05"]
[SourceQuality "1"]

1. d4 f5 2. c4 Nf6 3. Nc3 g6 4. g3 d6 5. Nf3 Bg7 6. Bg2 0-0 7. 0-0 Qe8 8. b3 e5 9. dxe5 Ng4 10. Bb2 Nxe5 11. Nxe5 dxe5 12. Qd2 Nc6 13. Nd5 Rf7 14. e3 e4 15. Rfd1 Ne5 16. Nf4 g5 17. Ne2 Be6 18. Bxe5 Bxe5 19. Rac1 Rd7 20. Qa5 Bb2 21. Rb1 Bf6 22. Qb5 c6 23. Qb4 Rad8 24. Rxd7 Qxd7 25. g4 Qd3 26. Qe1 Be5 27. gxf5 Bxf5 28. Ng3 Bg6 29. Bf1 Qd2 30. Qxd2 Rxd2 31. a4 h5 32. Bg2 Bxg3 33. hxg3 Bf5 34. b4 0-1

[Event "POL-chT 57th"]
[Site "Glogow"]
[Date "2001.09.16"]
[Round "9"]
[White "Wojcieszyn, Jacenty"]
[Black "Dworakowski, Lukasz"]
[Result "0-1"]
[WhiteElo "2298"]
[BlackElo "2352"]
[PlyCount "68"]
[EventDate "2001.09.08"]
[EventType "team-tourn"]
[EventRounds "9"]
[EventCountry "POL"]
[SourceTitle "EXT 2019"]
[Source "ChessBase"]
[SourceDate "2018.10.10"]
[SourceVersion "1"]
[SourceVersionDate "2018.10.10"]
[SourceQuality "1"]
[WhiteTeam "Lublin Drakon SKOK Chmielewskiego"]
[BlackTeam "Bielsko-Biala Porto Balbo"]
[WhiteTeamCountry "POL"]
[BlackTeamCountry "POL"]

1. d4 Nf6 2. c4 g6 3. Nc3 Bg7 4. e4 d6 5. h3 0-0 6. Bg5 Nbd7 7. Nf3 e5 8. d5 a5 9. Be2 Nc5 10. Nd2 Bd7 11. g4 c6 12. Nb3 Na6 13. a4 Qb6 14. Be3 c5 15. Bd3 Nb4 16. Bb1 Kh8 17. f3 Ng8 18. h4 f5 19. h5 fxg4 20. hxg6 Nf6 21. Ne2 gxf3 22. Ng3 Kg8 23. Qxf3 hxg6 24. Qg2 Ng4 25. Bg5 Nf2 26. Nc1 Nxh1 27. Nxh1 Rf7 28. Bd3 Raf8 29. Kd2 Nxd5 30. cxd5 Qxb2+ 31. Bc2 Qxa1 32. Be3 Rf1 33. Nb3 Qe1+ 34. Kd3 R8f3 0-1

[Event "POL-chT 57th"]
[Site "Glogow"]
[Date "2001.09.12"]
[Round "5"]
[White "Wojcieszyn, Jacenty"]
[Black "Jedynak, Radoslaw"]
[Result "0-1"]
[WhiteElo "2298"]
[BlackElo "2347"]
[PlyCount "96"]
[EventDate "2001.09.08"]
[EventType "team-tourn"]
[EventRounds "9"]
[EventCountry "POL"]
[SourceTitle "EXT 2019"]
[Source "ChessBase"]
[SourceDate "2018.10.10"]
[SourceVersion "1"]
[SourceVersionDate "2018.10.10"]
[SourceQuality "1"]
[WhiteTeam "Lublin Drakon SKOK Chmielewskiego"]
[BlackTeam "Plock PTSz"]
[WhiteTeamCountry "POL"]
[BlackTeamCountry "POL"]

1. d4 e6 2. c4 Nf6 3. Nf3 c5 4. d5 exd5 5. cxd5 d6 6. Nc3 g6 7. Bg5 Bg7 8. e3 0-0 9. Nd2 a6 10. a4 Nbd7 11. Be2 h6 12. Bh4 Rb8 13. 0-0 Qe7 14. Re1 b6 15. h3 Rd8 16. Rb1 Nf8 17. Bd3 Bb7 18. e4 Qd7 19. f4 Re8 20. Nc4 b5 21. axb5 axb5 22. Nxd6 Qxd6 23. e5 Qb6 24. Bxb5 Nxd5 25. Bxe8 Nxf4 26. Qd6 Qxd6 27. exd6 Nxg2 28. Bg3 Nxe1 29. Rxe1 Bd4+ 30. Kh2 Bc8 31. Nb5 Bd7 32. Bxd7 Nxd7 33. Nxd4 cxd4 34. Re2 d3 35. Rd2 f5 36. Rxd3 Rxb2+ 37. Kg1 Re2 38. Rc3 Kf7 39. Rc8 Re8 40. Rc7 Ke6 41. h4 g5 42. hxg5 hxg5 43. Rc6 Ra8 44. Rc4 Ne5 45. Rb4 Rd8 46. Bh2 Nf3+ 47. Kg2 Nxh2 48. Kxh2 Rxd6 0-1

[Event "Polanica Zdroj op"]
[Site "Polanica Zdroj"]
[Date "1999.08.22"]
[Round "6"]
[White "Sulskis, Sarunas"]
[Black "Wojcieszyn, Jacenty"]
[Result "1-0"]
[WhiteElo "2521"]
[BlackElo "2313"]
[PlyCount "91"]
[EventDate "1999.08.17"]
[EventType "swiss"]
[EventRounds "10"]
[EventCountry "POL"]
[SourceTitle "EXT 2000"]
[Source "ChessBase"]
[SourceDate "1999.11.16"]
[SourceVersion "1"]
[SourceVersionDate "1999.11.16"]
[SourceQuality "1"]

1. c4 e5 2. g3 Nc6 3. Nc3 g6 4. Bg2 Bg7 5. Nf3 f5 6. d3 Nge7 7. h4 h6 8. Bd2 d6 9. Rb1 a5 10. Nd5 Be6 11. e4 0-0 12. Qc1 fxe4 13. dxe4 h5 14. Bg5 Qd7 15. Qe3 Nc8 16. 0-0 Nd8 17. Bxd8 Qxd8 18. Qg5 Qxg5 19. Nxg5 Bxd5 20. cxd5 c5 21. a4 Nb6 22. b3 Bh6 23. Ne6 Rf7 24. f4 Nd7 25. Rf3 Nf8 26. Bh3 Kh7 27. Rbf1 Re8 28. fxe5 Rxf3 29. Rxf3 Nxe6 30. dxe6 dxe5 31. Rf7+ Kg8 32. Rxb7 Be3+ 33. Kf1 Bd4 34. Ke2 Kf8 35. Rb5 Bc3 36. Rxc5 Bb4 37. Rxe5 Ke7 38. Rb5 Rd8 39. e5 Rd2+ 40. Ke3 Rb2 41. Rb7+ Ke8 42. Bf1 Rxb3+ 43. Ke4 Rxg3 44. Bb5+ Kf8 45. Rf7+ Kg8 46. e7 1-0

[Event "POL-chT 54th"]
[Site "Lubniewice"]
[Date "1998.11.05"]
[Round "5"]
[White "Wojcieszyn, Jacenty"]
[Black "Nowak, Ignacy"]
[Result "1-0"]
[WhiteElo "2305"]
[BlackElo "2380"]
[PlyCount "55"]
[EventDate "1998.11.01"]
[EventType "team-tourn"]
[EventRounds "9"]
[EventCountry "POL"]
[SourceTitle "EXT 2019"]
[Source "ChessBase"]
[SourceDate "2018.10.10"]
[SourceVersion "1"]
[SourceVersionDate "2018.10.10"]
[SourceQuality "1"]
[WhiteTeam "Lublin Drakon SKOK Chmielewskiego"]
[BlackTeam "Poznan Pocztowiec"]
[WhiteTeamCountry "POL"]
[BlackTeamCountry "POL"]

1. d4 Nf6 2. c4 e6 3. Nf3 d5 4. Nc3 Be7 5. Bg5 0-0 6. e3 h6 7. Bh4 b6 8. Qb3 Bb7 9. Bxf6 Bxf6 10. cxd5 exd5 11. Rd1 Re8 12. Bd3 c6 13. 0-0 Na6 14. e4 dxe4 15. Nxe4 Nc7 16. Ne5 Nd5 17. f4 Rc8 18. Bc4 Rc7 19. Nc3 Qa8 20. Bxd5 cxd5 21. Nb5 Rce7 22. Ng4 Bh4 23. Qh3 Ba6 24. Nd6 Bxf1 25. Rxf1 Be1 26. Nf6+ Kf8 27. Ndxe8 gxf6 28. Qxh6+ 1-0

[Event "POL-chT 54th"]
[Site "Lubniewice"]
[Date "1998.11.03"]
[Round "3"]
[White "Wojcieszyn, Jacenty"]
[Black "Helis, Tadeusz"]
[Result "0-1"]
[WhiteElo "2305"]
[BlackElo "2265"]
[PlyCount "70"]
[EventDate "1998.11.01"]
[EventType "team-tourn"]
[EventRounds "9"]
[EventCountry "POL"]
[SourceTitle "EXT 2019"]
[Source "ChessBase"]
[SourceDate "2018.10.10"]
[SourceVersion "1"]
[SourceVersionDate "2018.10.10"]
[SourceQuality "1"]
[WhiteTeam "Lublin Drakon SKOK Chmielewskiego"]
[BlackTeam "Raciborz Rzemioslo"]
[WhiteTeamCountry "POL"]
[BlackTeamCountry "POL"]

1. d4 Nf6 2. Nf3 d6 3. c4 g6 4. Nc3 Bg7 5. e4 0-0 6. h3 e5 7. dxe5 dxe5 8. Qxd8 Rxd8 9. Bg5 c6 10. Be2 Na6 11. 0-0 Re8 12. Rfe1 Nc5 13. Bf1 a5 14. Nd2 Nfd7 15. Nb3 Ne6 16. Be3 a4 17. Nd2 Nd4 18. Rac1 Nc5 19. Ncb1 Be6 20. Nf3 Red8 21. Nxd4 exd4 22. Bg5 Rd7 23. Nd2 h6 24. Bf4 g5 25. Bg3 d3 26. e5 Bf5 27. Re3 a3 28. b3 Na6 29. Ne4 d2 30. Rd1 Bxe4 31. Rxe4 Nb4 32. e6 fxe6 33. c5 Nxa2 34. Bc4 Kh8 35. Bxe6 Rdd8 0-1

[Event "POL-chT 54th"]
[Site "Lubniewice"]
[Date "1998.11.02"]
[Round "2"]
[White "Szajna, Wladyslaw"]
[Black "Wojcieszyn, Jacenty"]
[Result "1/2-1/2"]
[WhiteElo "2250"]
[BlackElo "2305"]
[PlyCount "81"]
[EventDate "1998.11.01"]
[EventType "team-tourn"]
[EventRounds "9"]
[EventCountry "POL"]
[SourceTitle "EXT 2019"]
[Source "ChessBase"]
[SourceDate "2018.10.10"]
[SourceVersion "1"]
[SourceVersionDate "2018.10.10"]
[SourceQuality "1"]
[WhiteTeam "Rzeszow Zelmer"]
[BlackTeam "Lublin Drakon SKOK Chmielewskiego"]
[WhiteTeamCountry "POL"]
[BlackTeamCountry "POL"]

1. d4 d5 2. Nf3 Nf6 3. e3 c6 4. c4 e6 5. Nbd2 Nbd7 6. a3 a6 7. b4 Bd6 8. Bb2 b5 9. cxd5 cxd5 10. Nb3 0-0 11. Bd3 Nb6 12. Nc5 Nc4 13. Bc3 Qc7 14. 0-0 Bb7 15. h3 Ne4 16. Qc2 Bxc5 17. dxc5 Nxc3 18. Qxc3 Rfe8 19. a4 Bc6 20. axb5 axb5 21. Rxa8 Rxa8 22. Ra1 Qb7 23. Rxa8+ Qxa8 24. Nd4 Bd7 25. Bxc4 dxc4 26. f3 e5 27. Ne2 Qd5 28. Qc2 Bc6 29. Nc3 Qd7 30. Kf2 g6 31. Ne2 Kf8 32. Qa2 Ke7 33. Qa6 f6 34. Qb6 Qb7 35. Qa5 Kd7 36. Nc3 Ke7 37. e4 Qd7 38. Qa1 Kf7 39. Qc1 Qa7 40. Qh6 Ke8 41. h4 1/2-1/2

[Event "Jaroslawiec op"]
[Site "Jaroslawiec"]
[Date "1997.??.??"]
[Round "?"]
[White "Wojcieszyn, Jacenty"]
[Black "Mietus, Klaudiusz"]
[Result "1-0"]
[WhiteElo "2335"]
[BlackElo "2195"]
[PlyCount "65"]
[EventDate "1997.??.??"]
[EventType "swiss"]
[EventRounds "9"]
[EventCountry "POL"]
[SourceTitle "EXT 2003"]
[Source "ChessBase"]
[SourceDate "2002.11.25"]
[SourceVersion "1"]
[SourceVersionDate "2002.11.25"]
[SourceQuality "1"]

1. d4 d5 2. c4 c6 3. Nc3 e6 4. Qd3 dxc4 5. Qxc4 b5 6. Qd3 b4 7. Na4 Ba6 8. Qd1 Nf6 9. Nf3 Nbd7 10. b3 Bd6 11. Bb2 0-0 12. g3 Qa5 13. Bg2 Qb5 14. Nd2 Rad8 15. e4 e5 16. Bf1 Qb7 17. Bxa6 Qxa6 18. Qe2 Qb5 19. Nc4 Bc7 20. dxe5 Nxe5 21. Nxe5 Bxe5 22. Qxb5 cxb5 23. Bxe5 Nxe4 24. f3 Ng5 25. Bf4 Rfe8+ 26. Kf1 Nh3 27. Nc5 Rd5 28. Na6 Rd4 29. Re1 Rc8 30. Be3 Rd6 31. Nxb4 a5 32. Kg2 axb4 33. Kxh3 1-0

[Event "Lublin-B"]
[Site "Lublin"]
[Date "1993.??.??"]
[Round "5"]
[White "Varavin, Viktor"]
[Black "Wojcieszyn, Jacenty"]
[Result "1-0"]
[WhiteElo "2460"]
[BlackElo "2320"]
[PlyCount "130"]
[EventDate "1993.??.??"]
[EventType "tourn"]
[EventRounds "11"]
[EventCountry "POL"]
[SourceTitle "EXT 1998"]
[Source "ChessBase"]
[SourceDate "1997.11.17"]
[SourceVersion "1"]
[SourceVersionDate "1997.11.17"]
[SourceQuality "1"]

1. e4 c5 2. Nf3 d6 3. d4 cxd4 4. Nxd4 Nf6 5. Nc3 g6 6. Be3 Bg7 7. f3 0-0 8. Qd2 Nc6 9. Bc4 Bd7 10. h4 Ne5 11. Bb3 Rc8 12. 0-0-0 Nc4 13. Bxc4 Rxc4 14. h5 Nxh5 15. g4 Nf6 16. Nb3 Qc7 17. e5 dxe5 18. g5 Bf5 19. gxf6 exf6 20. Qd6 Qxd6 21. Rxd6 b6 22. Nd2 Rc7 23. Nde4 Be6 24. a4 Rfc8 25. Rh2 Bf8 26. Nb5 Rc4 27. Nxf6+ Kg7 28. Ne4 Bxd6 29. Bh6+ Kh8 30. Nexd6 Rxa4 31. Nxc8 Bxc8 32. Kb1 Bd7 33. b3 Rb4 34. Rd2 Rh4 35. Rxd7 Rxh6 36. Rxf7 Rh1+ 37. Kb2 Rf1 38. Nd6 Kg8 39. Rf6 Kg7 40. Rf7+ Kg8 41. Rxa7 h5 42. Nc4 h4 43. Nd2 Rf2 44. Kc3 e4 45. Nxe4 Rxf3+ 46. Kd4 Rf1 47. Ke5 h3 48. Nf6+ Kf8 49. Rh7 Rf3 50. Ke6 Re3+ 51. Kd5 Rf3 52. Ne4 g5 53. Nxg5 Rf5+ 54. Kc6 Rxg5 55. Rxh3 Rc5+ 56. Kxb6 Rxc2 57. b4 Ke7 58. Rd3 Rb2 59. b5 Rb1 60. Kc6 Rc1+ 61. Kb7 Rb1 62. b6 Ra1 63. Kc7 Rc1+ 64. Kb8 Rb1 65. b7 Ra1 1-0